000 00767nam a22001695i 4500
001 159493
003 ES-MaACL
005 20230906211628.0
008 040920s1895 xxkado |||| | eng d
040 _aCAM
_bspa
_cCAM
110 2 _aMerionethshire Slate Mines (Gran Bretaña)
_9134683
245 1 0 _aReport of the Departmental Committee upon Merionethshire Slate Mines
_b: with appendices /
_cMerionethshire Slate Mines.
260 _aLondon :
_bEyre and Spottiswoode,
_c1895.
300 _aXXXII, 165 p., [7] h. lám. ;
_c33 cm.
650 0 4 _aIndustria minera-
_zGran Bretaña.
_9136269
852 _aES-MaACL
_jC-11153(9)
_z-- Enc. tela con esc. real en hierros dorados
_z-- An. ms. y sello : "with the compliment of [sello] C. Le Neve Foster, 25 Apr. 95, Llandudno."
999 _c159493
_d159493